000 02274nam a2200469 i 4500
001 nkc20233576682
003 CZ PrNK
005 20260422105447.0
007 ta
008 231201s2023 xr g 000 f cze
015 _acnb003576682
020 _a978-80-279-1002-1
_q(vázáno)
035 _a(OCoLC)1425859939
040 _aABG001
_bcze
_erda
072 7 _a821.162.3-3
_xČeská próza
_2Konspekt
_925
080 _a821.162.3-31
_2MRF
080 _a(0:82-311.6)
_2MRF
080 _a(0:82-312.4)
_2MRF
100 1 _aHoráková, Naďa,
_d1962-
_7ola2002105147
_4aut
_95940
245 1 0 _aKronika zapomenutého kněze, aneb, Hříchy na templářské tvrzi v Čejkovicích /
_cNaďa Horáková
246 3 0 _aHříchy na templářské tvrzi v Čejkovicích
250 _aDruhé, upravené vydání, v nakladatelství MOBA vydání první
264 1 _aBrno :
_bMOBA,
_c2023
300 _a245 stran ;
_c21 cm
336 _atext
_btxt
_2rdacontent
337 _abez média
_bn
_2rdamedia
338 _asvazek
_bnc
_2rdacarrier
504 _aObsahuje bibliografii
520 2 _aMoravské Čejkovice se stávají hlavním centrem templářů v Českém království. Co vše se na místní tvrzi dělo a co s ní má společného slavná Dalimilova kronika?
_bNa templářském panství v Čejkovicích se odehrávají velké věci. Komtur Ekko se chystá na předání majetku do rukou mocného Jindřicha z Lipé. Také řeší zločiny a přečiny, které se na čejkovickém panství stanou, a že jich není málo! Kam a proč se ztratil Jan Šekvic, majitel dvora Šatrapky? A vyřeší se dávno zapomenutá tragédie na statku Dolina, který dodnes obchází duch templáře Čirose? Nakladatelská anotace.
655 7 _ačeské romány
_7fd133974
_2czenas
655 7 _ahistorické romány
_7fd132414
_2czenas
655 7 _adetektivní romány
_7fd132010
_2czenas
655 9 _aCzech fiction
_2eczenas
655 9 _ahistorical novels
_2eczenas
655 9 _adetective novels
_2eczenas
901 _b9788027910021
_f2., upravené vydání, 1. vydání v nakl. Moravská Bastei MOBA
_o20240123
998 _a003576682
910 _aABG508
044 _axr
993 _a205.00
_h319.00
_iTeam Business
_d2026-04-22
_x1076113 | Rozpočet 2026
999 _c34204
_d34204